[Event "Zhukovsky Winter op"]
[Site "Zhukovsky"]
[Date "2014.??.??"]
[Round "9"]
[White "Podymov, Andrey"]
[Black "Beliy, Gennady"]
[Result "1-0"]
[WhiteElo "1654"]
[BlackElo "1789"]
[PlyCount "55"]
[EventDate "2014.11.22"]
[EventType "swiss"]
[EventRounds "9"]
[EventCountry "RUS"]
[SourceTitle "EXT 2016"]
[Source "ChessBase"]
[SourceDate "2015.10.08"]
[SourceVersion "1"]
[SourceVersionDate "2015.10.08"]
[SourceQuality "1"]

1. d4 d5 2. c4 e6 3. Nc3 Nf6 4. Nf3 Be7 5. Bg5 0-0 6. e3 h6 7. Bh4 Bd7 8. Bxf6 Bxf6 9. cxd5 c6 10. dxe6 Bxe6 11. Bd3 Re8 12. 0-0 Na6 13. Rc1 Nc7 14. b4 b6 15. b5 c5 16. dxc5 bxc5 17. Ne4 Bxa2 18. Rxc5 Be7 19. Rc1 Rb8 20. Ra1 Bd5 21. Rxa7 Nxb5 22. Bxb5 Rxb5 23. Nc3 Bxf3 24. Qxd8 Bxd8 25. Nxb5 Be2 26. Rb1 Bb6 27. Rb7 Re6 28. Nc3 1-0

[Event "Zhukovsky Winter op"]
[Site "Zhukovsky"]
[Date "2014.??.??"]
[Round "8"]
[White "Vatolin, Petr"]
[Black "Beliy, Gennady"]
[Result "1/2-1/2"]
[WhiteElo "1718"]
[BlackElo "1789"]
[PlyCount "58"]
[EventDate "2014.11.22"]
[EventType "swiss"]
[EventRounds "9"]
[EventCountry "RUS"]
[SourceTitle "EXT 2016"]
[Source "ChessBase"]
[SourceDate "2015.10.08"]
[SourceVersion "1"]
[SourceVersionDate "2015.10.08"]
[SourceQuality "1"]

1. e4 c5 2. Nf3 Nc6 3. d4 cxd4 4. Nxd4 Nf6 5. Nc3 a6 6. Be3 d6 7. f3 Bd7 8. Be2 e6 9. 0-0 Be7 10. f4 0-0 11. f5 Rc8 12. g4 Ne8 13. Nf3 exf5 14. Nd5 Nf6 15. Bb6 Qe8 16. Nc7 Rxc7 17. Bxc7 Nxe4 18. gxf5 Bxf5 19. Nd4 Nxd4 20. Qxd4 Bf6 21. Qb4 Qe5 22. Bd3 a5 23. Bxa5 Ng3 24. Bxf5 Nxf5 25. Rae1 Qd5 26. Bb6 h6 27. Qe4 Qb5 28. Rxf5 Qxb6+ 29. Kg2 Qxb2 1/2-1/2

[Event "Zhukovsky op 04"]
[Site "Zhukovsky"]
[Date "2014.??.??"]
[Round "1"]
[White "Yulchiev, Alimjan"]
[Black "Beliy, Gennady"]
[Result "1/2-1/2"]
[WhiteElo "1763"]
[BlackElo "1789"]
[PlyCount "42"]
[EventDate "2014.04.??"]
[EventType "swiss"]
[EventRounds "9"]
[EventCountry "RUS"]
[SourceTitle "EXT 2016"]
[Source "ChessBase"]
[SourceDate "2015.10.08"]
[SourceVersion "1"]
[SourceVersionDate "2015.10.08"]
[SourceQuality "1"]

1. c4 c5 2. Nc3 Nc6 3. Nf3 Nf6 4. e4 e5 5. d3 d6 6. h3 Be6 7. Bg5 Be7 8. Qd2 0-0 9. g3 a6 10. Bg2 Rb8 11. 0-0 b5 12. b3 Qd7 13. Kh2 Nd4 14. Nxd4 cxd4 15. Nd5 Nxd5 16. exd5 Bxg5 17. Qxg5 Bf5 18. Be4 Bxe4 19. dxe4 bxc4 20. bxc4 Rb2 21. Kg2 f6 1/2-1/2

[Event "Zhukovsky op"]
[Site "Zhukovsky"]
[Date "2012.04.??"]
[Round "3"]
[White "Grafchikov, Alexey"]
[Black "Beliy, Gennady"]
[Result "0-1"]
[WhiteElo "1750"]
[BlackElo "1838"]
[PlyCount "60"]
[EventDate "2012.04.??"]
[EventType "swiss"]
[EventRounds "9"]
[EventCountry "RUS"]
[SourceTitle "EXT 2014"]
[Source "ChessBase"]
[SourceDate "2013.11.20"]
[SourceVersion "1"]
[SourceVersionDate "2013.11.20"]
[SourceQuality "1"]

1. e4 c5 2. f4 Nc6 3. Nf3 e6 4. c3 d5 5. e5 Qc7 6. Na3 g6 7. Be2 f6 8. d4 Bd7 9. 0-0 0-0-0 10. Be3 c4 11. Nc2 g5 12. fxg5 fxe5 13. Nxe5 Nxe5 14. dxe5 Ne7 15. b3 cxb3 16. axb3 Ng6 17. c4 dxc4 18. bxc4 Bc6 19. Qb1 Qxe5 20. Rf7 Bd6 21. g3 Rhf8 22. Rf6 Rxf6 23. gxf6 Qe4 24. Kf2 Qg2+ 25. Ke1 Qxh2 26. Nd4 Bxg3+ 27. Kd2 e5 28. Ra5 exd4 29. Qf5+ Kb8 30. Qd3 dxe3+ 0-1

[Event "Zhukovsky op"]
[Site "Zhukovsky"]
[Date "2011.02.21"]
[Round "5"]
[White "Leschenko, Wjatcheslaw"]
[Black "Beliy, Gennady"]
[Result "1/2-1/2"]
[WhiteElo "1649"]
[BlackElo "1904"]
[PlyCount "84"]
[EventDate "2011.02.17"]
[EventType "swiss"]
[EventRounds "9"]
[EventCountry "RUS"]
[SourceTitle "CBM 141 Extra"]
[Source "ChessBase"]
[SourceDate "2011.05.03"]
[SourceVersion "1"]
[SourceVersionDate "2011.05.03"]
[SourceQuality "1"]

1. Nf3 Nf6 2. g3 d5 3. c3 c5 4. Bg2 Nc6 5. d3 e5 6. Nbd2 Be7 7. Qa4 0-0 8. Qc2 Be6 9. h3 Rc8 10. Ng5 Bf5 11. e4 Bg6 12. exd5 Nxd5 13. Nde4 h6 14. Nf3 f5 15. Ned2 Nb6 16. 0-0 Qd7 17. Re1 Bf6 18. Nh2 Rcd8 19. Nc4 Qxd3 20. Qxd3 Rxd3 21. Nxb6 axb6 22. Bf1 Rd6 23. Nf3 Rfd8 24. Be3 Kh7 25. b4 e4 26. bxc5 bxc5 27. Nh4 Bxc3 28. Bxc5 Rd5 29. Bb6 R8d7 30. Bc4 Re5 31. Red1 Rde7 32. Nxg6 Kxg6 33. Rd6+ Kh7 34. Rad1 Bb4 35. Rd7 g5 36. Rc7 f4 37. Rdd7 fxg3 38. Rxb7 gxf2+ 39. Kxf2 e3+ 40. Ke2 Kg6 41. Rxe7 Bxe7 42. Bxe3 Bc5 1/2-1/2

[Event "Zhukovsky op"]
[Site "Zhukovsky"]
[Date "2011.02.18"]
[Round "2"]
[White "Smirnov, Yury Vladimirovic"]
[Black "Beliy, Gennady"]
[Result "1-0"]
[WhiteElo "2189"]
[BlackElo "1904"]
[PlyCount "59"]
[EventDate "2011.02.17"]
[EventType "swiss"]
[EventRounds "9"]
[EventCountry "RUS"]
[SourceTitle "CBM 141 Extra"]
[Source "ChessBase"]
[SourceDate "2011.05.03"]
[SourceVersion "1"]
[SourceVersionDate "2011.05.03"]
[SourceQuality "1"]

1. e4 c5 2. c3 e6 3. d4 d5 4. e5 Nc6 5. Nf3 Qc7 6. a3 a6 7. Bd3 f6 8. Bf4 Qf7 9. h4 Qh5 10. Qd2 g5 11. Bg3 g4 12. Nh2 fxe5 13. Be2 Nf6 14. f3 Bh6 15. Qd1 Bf4 16. Bxf4 exf4 17. Nxg4 Rf8 18. b4 c4 19. a4 Bd7 20. Na3 0-0-0 21. b5 Na5 22. bxa6 bxa6 23. Rb1 Bc6 24. Ne5 Rd6 25. Rb6 Qe8 26. Qb1 Nd7 27. Rxc6+ Nxc6 28. Nexc4 dxc4 29. Nxc4 Qf7 30. Nxd6+ 1-0

[Event "Zhukovsky op 05"]
[Site "Zhukovsky"]
[Date "2011.??.??"]
[Round "1"]
[White "Beliy, Gennady"]
[Black "Andrianov, Nikolay"]
[Result "1-0"]
[WhiteElo "1904"]
[BlackElo "1799"]
[PlyCount "81"]
[EventDate "2011.05.15"]
[EventType "swiss"]
[EventRounds "9"]
[EventCountry "RUS"]
[SourceTitle "EXT 2012"]
[Source "ChessBase"]
[SourceDate "2011.11.24"]
[SourceVersion "1"]
[SourceVersionDate "2011.11.24"]
[SourceQuality "1"]

1. d4 d5 2. Nc3 c6 3. Bg5 Nf6 4. e3 e6 5. Bd3 Be7 6. Nf3 Nbd7 7. 0-0 0-0 8. Qe2 a6 9. Ne5 c5 10. Nxd7 Nxd7 11. Bxe7 Qxe7 12. b3 b5 13. Qd2 Bb7 14. a4 b4 15. Ne2 Rac8 16. Ng3 c4 17. Be2 cxb3 18. cxb3 Rc3 19. Rab1 Rfc8 20. Bd3 e5 21. dxe5 Nxe5 22. Bf5 R8c7 23. Qd4 g6 24. Bh3 Qd6 25. Ne4 Qe7 26. Nxc3 bxc3 27. Rfc1 Qg5 28. Kh1 c2 29. Rb2 Nc6 30. Qb6 Re7 31. Rbxc2 Qf6 32. Rxc6 Bxc6 33. Qxc6 Qxf2 34. Qc8+ Kg7 35. Qc3+ Kg8 36. Qd4 Rc7 37. Rd1 Re7 38. Qxd5 Rxe3 39. Qa5 Qe2 40. Qd8+ Re8 41. Bg4 1-0

[Event "Zhukovsky op 05"]
[Site "Zhukovsky"]
[Date "2011.??.??"]
[Round "7"]
[White "Beliy, Gennady"]
[Black "Sidorov, Evgeniy"]
[Result "1-0"]
[WhiteElo "1904"]
[BlackElo "1930"]
[PlyCount "139"]
[EventDate "2011.05.15"]
[EventType "swiss"]
[EventRounds "9"]
[EventCountry "RUS"]
[SourceTitle "EXT 2012"]
[Source "ChessBase"]
[SourceDate "2011.11.24"]
[SourceVersion "1"]
[SourceVersionDate "2011.11.24"]
[SourceQuality "1"]

1. d4 d6 2. e4 g6 3. Bg5 Bg7 4. c3 h6 5. Bh4 Nd7 6. Bc4 a6 7. Qb3 g5 8. Bxf7+ Kf8 9. Bg6 e6 10. Qxe6 Qe7 11. Qb3 gxh4 12. Nf3 Qf6 13. Bh5 Nb6 14. 0-0 Be6 15. e5 Qf5 16. Nxh4 Bxb3 17. Nxf5 Bc2 18. Nxg7 Kxg7 19. exd6 Nf6 20. Bf3 c6 21. Nd2 Rad8 22. Rfe1 Rhe8 23. c4 Rxd6 24. Rxe8 Nxe8 25. Rc1 Bf5 26. c5 Rxd4 27. Nb3 Rb4 28. cxb6 Rxb6 29. h3 Be6 30. Bd1 Nf6 31. Rc3 Bd5 32. f3 a5 33. Nxa5 Rxb2 34. Bb3 Bxb3 35. Rxb3 Rxb3 36. axb3 Nd5 37. Nxb7 Kf6 38. Kf2 Ke5 39. g4 Kf4 40. Nd8 Nb4 41. h4 Ke5 42. g5 h5 43. Ke3 Nd5+ 44. Kf2 Ne7 45. Nb7 Nf5 46. Nd8 c5 47. Nb7 Kd5 48. g6 Kc6 49. Nd8+ Kd7 50. Nf7 Ke7 51. Ng5 Kd6 52. Ne4+ Ke7 53. Nxc5 Nxh4 54. g7 Kf7 55. Ne6 Nf5 56. b4 Ne7 57. Nf4 h4 58. b5 Kxg7 59. Kg2 Kf6 60. Kh3 Kf5 61. Ne2 Kg5 62. f4+ Kh5 63. b6 Nc6 64. b7 Nb8 65. Nd4 Kg6 66. Kxh4 Kf6 67. Kh5 Kf7 68. Kg5 Kg7 69. f5 Kf7 70. f6 1-0

[Event "Zhukovsky op-B 05"]
[Site "Zhukovsky"]
[Date "2010.05.24"]
[Round "8"]
[White "Fedotov, Aleksandr"]
[Black "Beliy, Gennady"]
[Result "1-0"]
[WhiteElo "1775"]
[BlackElo "1906"]
[PlyCount "81"]
[EventDate "2010.05.14"]
[EventType "swiss"]
[EventRounds "9"]
[EventCountry "RUS"]
[SourceTitle "EXT 2022"]
[Source "ChessBase"]
[SourceDate "2021.10.06"]
[SourceVersion "1"]
[SourceVersionDate "2021.10.06"]
[SourceQuality "1"]

1. d4 Nf6 2. c4 e6 3. Nc3 Bb4 4. a3 Bxc3+ 5. bxc3 Ne4 6. e3 0-0 7. Bd3 f5 8. Qc2 d5 9. cxd5 exd5 10. c4 c6 11. Nf3 Be6 12. Ne5 Nd7 13. Nxd7 Qxd7 14. c5 b6 15. 0-0 Rf6 16. f3 Ng5 17. a4 Rg6 18. Kh1 Rf8 19. cxb6 axb6 20. Ba3 Ra8 21. Bb4 Rh6 22. a5 Qc7 23. f4 bxa5 24. Bxf5 Bxf5 25. Qxf5 Ne4 26. Kg1 Rf8 27. Bxf8 Rf6 28. Qe5 Qxe5 29. fxe5 Rxf8 30. Rxf8+ Kxf8 31. Rxa5 Ke7 32. Ra7+ Ke6 33. Rxg7 c5 34. dxc5 Nxc5 35. Rxh7 Kxe5 36. Kf1 Ke4 37. Ke2 Nb3 38. Rh4+ Ke5 39. Rb4 Nc5 40. g4 Ne6 41. h4 1-0

[Event "Zhukovsky op-B 05"]
[Site "Zhukovsky"]
[Date "2010.05.14"]
[Round "9"]
[White "Beliy, Gennady"]
[Black "Shebchenko, Vladimir"]
[Result "1/2-1/2"]
[WhiteElo "1906"]
[BlackElo "1942"]
[PlyCount "80"]
[EventDate "2010.05.14"]
[EventType "swiss"]
[EventRounds "9"]
[EventCountry "RUS"]
[SourceTitle "EXT 2022"]
[Source "ChessBase"]
[SourceDate "2021.10.06"]
[SourceVersion "1"]
[SourceVersionDate "2021.10.06"]
[SourceQuality "1"]

1. d4 Nf6 2. Nc3 g6 3. e4 d6 4. Nf3 Bg7 5. h3 0-0 6. Be3 c6 7. Qd2 b5 8. a3 Re8 9. Rd1 a6 10. Bh6 Qc7 11. Bxg7 Kxg7 12. Be2 h6 13. 0-0 Nbd7 14. Qe3 Bb7 15. Nh4 c5 16. f4 cxd4 17. Qxd4 Qc5 18. Bf3 Kh7 19. Kh2 Qxd4 20. Rxd4 Nc5 21. e5 Bxf3 22. Rxf3 Ne6 23. Rd2 Nh5 24. exd6 Rad8 25. d7 Rg8 26. Ne4 f5 27. Nf2 Nc5 28. g4 fxg4 29. hxg4 Nf6 30. f5 Nfxd7 31. fxg6+ Kh8 32. Rf7 Rg7 33. b4 Ne6 34. Nf5 Rxf7 35. gxf7 Ndf8 36. Rxd8 Nxd8 37. Nxh6 Kg7 38. g5 Nde6 39. Ne4 Nxg5 40. Nf5+ Kxf7 1/2-1/2

[Event "Zhukovsky op-B"]
[Site "Zhukovsky"]
[Date "2009.01.??"]
[Round "4"]
[White "Chumurin, Aleksandr"]
[Black "Beliy, Gennady"]
[Result "1/2-1/2"]
[WhiteElo "1897"]
[BlackElo "1901"]
[PlyCount "32"]
[EventDate "2009.01.??"]
[EventType "swiss"]
[EventRounds "7"]
[EventCountry "RUS"]
[SourceTitle "EXT 2012"]
[Source "ChessBase"]
[SourceDate "2011.11.24"]
[SourceVersion "1"]
[SourceVersionDate "2011.11.24"]
[SourceQuality "1"]

1. Nf3 Nf6 2. Nc3 d5 3. d4 e6 4. Bg5 Bb4 5. Nd2 c5 6. Nb5 a6 7. Bxf6 gxf6 8. c3 Ba5 9. Na3 cxd4 10. cxd4 Qb6 11. Qc2 Nc6 12. e3 Bd7 13. Qb3 Qxb3 14. axb3 Ke7 15. Nc2 Rac8 16. Bd3 f5 1/2-1/2

[Event "Zhukovsky op-B"]
[Site "Zhukovsky"]
[Date "2009.01.??"]
[Round "2"]
[White "Kochetkov, Sergey"]
[Black "Beliy, Gennady"]
[Result "0-1"]
[WhiteElo "1618"]
[BlackElo "1901"]
[PlyCount "48"]
[EventDate "2009.01.??"]
[EventType "swiss"]
[EventRounds "7"]
[EventCountry "RUS"]
[SourceTitle "EXT 2012"]
[Source "ChessBase"]
[SourceDate "2011.11.24"]
[SourceVersion "1"]
[SourceVersionDate "2011.11.24"]
[SourceQuality "1"]

1. e4 c5 2. Nf3 Nc6 3. d4 cxd4 4. Nxd4 Nf6 5. Nc3 e5 6. Ndb5 d6 7. Bg5 a6 8. Na3 h6 9. Bh4 Be7 10. Bd3 0-0 11. Bxf6 Bxf6 12. Nd5 Be6 13. Nxf6+ Qxf6 14. c3 b5 15. b4 Rac8 16. Qd2 Rfd8 17. 0-0 d5 18. Qe3 d4 19. cxd4 Rxd4 20. Nc2 Rd6 21. f4 exf4 22. Rxf4 Qc3 23. Rf3 Nxb4 24. e5 Rxd3 0-1

[Event "Zhukovsky Elo-D"]
[Site "Zhukovsky"]
[Date "2008.01.20"]
[Round "9"]
[White "Onishchenko, Mikhail"]
[Black "Beliy, Gennady"]
[Result "1-0"]
[WhiteElo "1913"]
[BlackElo "1910"]
[PlyCount "67"]
[EventDate "2008.01.02"]
[EventType "tourn"]
[EventRounds "9"]
[EventCountry "RUS"]
[SourceTitle "EXT 2010"]
[Source "ChessBase"]
[SourceDate "2010.11.25"]
[SourceVersion "1"]
[SourceVersionDate "2010.11.25"]
[SourceQuality "1"]

1. d4 Nf6 2. c4 e6 3. Nf3 Ne4 4. Nfd2 Nf6 5. e4 d6 6. f4 b6 7. e5 Nfd7 8. Qf3 c6 9. Ne4 Qc7 10. Nbc3 Bb7 11. Bd3 a6 12. 0-0 b5 13. c5 dxc5 14. dxc5 Nxc5 15. Nxc5 Bxc5+ 16. Be3 Bxe3+ 17. Qxe3 c5 18. Be4 Bxe4 19. Nxe4 0-0 20. Rad1 Nd7 21. Rd6 Nb6 22. Qg3 Nd5 23. Nf6+ Kh8 24. Nxd5 exd5 25. Rxd5 Rad8 26. Rfd1 Rxd5 27. Rxd5 Rd8 28. Qd3 Rxd5 29. Qxd5 Qc8 30. f5 h6 31. e6 fxe6 32. fxe6 c4 33. e7 Kh7 34. Qe4+ 1-0

[Event "Zhukovsky Cup"]
[Site "Zhukovsky"]
[Date "2008.??.??"]
[Round "9"]
[White "Beliy, Gennady"]
[Black "Shvetzov, Mikhail"]
[Result "1/2-1/2"]
[WhiteElo "1910"]
[BlackElo "1790"]
[PlyCount "115"]
[EventDate "2008.04.21"]
[EventType "swiss"]
[EventRounds "9"]
[EventCountry "RUS"]
[SourceTitle "EXT 2022"]
[Source "ChessBase"]
[SourceDate "2021.10.06"]
[SourceVersion "1"]
[SourceVersionDate "2021.10.06"]
[SourceQuality "1"]

1. d4 Nf6 2. Nf3 c5 3. e3 cxd4 4. exd4 g6 5. g3 Bg7 6. Bg2 0-0 7. 0-0 d6 8. Re1 Bg4 9. Qd3 Nc6 10. c3 Re8 11. Nfd2 Bf5 12. Qb5 Qc7 13. h3 a6 14. Qc4 Rac8 15. g4 Bd7 16. Qd3 e5 17. d5 Ne7 18. Na3 h5 19. g5 Bf5 20. Qg3 Nfxd5 21. Ne4 b5 22. Nc2 Be6 23. Ne3 Nxe3 24. Qxe3 Nf5 25. Qd2 Qe7 26. a4 Nh4 27. Qxd6 Nxg2 28. Kxg2 Qb7 29. f3 Rcd8 30. Qb4 Rd3 31. axb5 axb5 32. Be3 Qd7 33. h4 Bh3+ 34. Kh2 Qf5 35. Ng3 Qxf3 36. Qe4 Qxe4 37. Nxe4 Bg4 38. Ra5 Rb8 39. Nf6+ Bxf6 40. gxf6 b4 41. c4 Rb3 42. Bc1 Rd8 43. Raxe5 Rh3+ 44. Kg2 Rdd3 45. Re8+ Kh7 46. R8e3 Rdxe3 47. Rxe3 Rxh4 48. c5 Be6 49. Bd2 Rc4 50. b3 Rxc5 51. Bxb4 Rc2+ 52. Kg3 Rb2 53. Be7 Rxb3 54. Rxb3 Bxb3 55. Kh4 Bd1 56. Bc5 Kh6 57. Bf8+ Kh7 58. Bc5 1/2-1/2

[Event "Zhukovsky Cup"]
[Site "Zhukovsky"]
[Date "2008.??.??"]
[Round "8"]
[White "Ershov, Aleksey"]
[Black "Beliy, Gennady"]
[Result "0-1"]
[WhiteElo "1630"]
[BlackElo "1910"]
[PlyCount "72"]
[EventDate "2008.04.21"]
[EventType "swiss"]
[EventRounds "9"]
[EventCountry "RUS"]
[SourceTitle "EXT 2022"]
[Source "ChessBase"]
[SourceDate "2021.10.06"]
[SourceVersion "1"]
[SourceVersionDate "2021.10.06"]
[SourceQuality "1"]

1. e4 c5 2. Nf3 Nc6 3. d4 cxd4 4. Nxd4 Nf6 5. Nc3 e5 6. Ndb5 d6 7. Bg5 a6 8. Na3 Be7 9. Bxf6 Bxf6 10. Nd5 b5 11. c3 0-0 12. Nc2 Bg5 13. Nce3 Bb7 14. a4 Bxe3 15. Nxe3 b4 16. Nd5 bxc3 17. Nxc3 Nd4 18. Bc4 Bxe4 19. Nxe4 d5 20. Bd3 dxe4 21. Bxe4 Rb8 22. 0-0 Rxb2 23. Qd3 f5 24. Qc4+ Kh8 25. Bb7 Rxb7 26. Qxa6 Qa8 27. Qd3 Ra7 28. f4 Rxa4 29. Rxa4 Qxa4 30. fxe5 Qa7 31. Kh1 Ne6 32. Qd6 Qf7 33. Rb1 h6 34. h3 f4 35. Rb6 f3 36. Qd1 fxg2+ 0-1